The lamps of late antiquity from Rhodes : 3rd-7th centuries AD /
This study focuses on the recording, study and publication of the corpus of the Late Antique lamps dating from the 3rd to the 7th centuries as found in rescue excavations in the town of Rhodes. The aim here is to present the diachronic changes in the artistic sensibility and preferences of this part...
المؤلف الرئيسي:
التنسيق: كتاب الكتروني
اللغة: English
منشور في:
Summertown, Oxford :
Archaeopress Publishing Ltd,
2017.
الموضوعات:
الوصول للمادة أونلاين: Login to view Source
الوسوم: إضافة وسم
رقم الطلب: NK4680
| LEADER | 01856nam a2200397 i 4500 | ||
|---|---|---|---|
| 001 | EDZ0001947103 | ||
| 003 | StDuBDS | ||
| 005 | 20230412182101.0 | ||
| 006 | m|||||o||d|||||||| | ||
| 007 | cr ||||||||||| | ||
| 008 | 171206s2017 enka fob 000|0|eng|d | ||
| 020 | |a 9781784917470 (ebook) : |c No price | ||
| 040 | |a StDuBDS |b eng |c StDuBDS |e rda |e pn | ||
| 050 | 4 | |a NK4680 | |
| 082 | 0 | 4 | |a 738.8 |2 23 |
| 100 | 1 | |a Katsioti, Angeliki, |e author. | |
| 245 | 1 | 4 | |a The lamps of late antiquity from Rhodes : |b 3rd-7th centuries AD / |c by Angeliki Katsioti. |
| 264 | 1 | |a Summertown, Oxford : |b Archaeopress Publishing Ltd, |c 2017. | |
| 300 | |a 1 online resource (ii, 676 pages) : |b illustrations (black and white) | ||
| 336 | |a text |2 rdacontent | ||
| 336 | |a still image |2 rdacontent | ||
| 337 | |a computer |2 rdamedia | ||
| 338 | |a online resource |2 rdacarrier | ||
| 500 | |a Previously issued in print: 2017. | ||
| 504 | |a Includes bibliographical references. | ||
| 520 | 8 | |a This study focuses on the recording, study and publication of the corpus of the Late Antique lamps dating from the 3rd to the 7th centuries as found in rescue excavations in the town of Rhodes. The aim here is to present the diachronic changes in the artistic sensibility and preferences of this particular market. | |
| 521 | |a Specialized. | ||
| 588 | |a Description based on online resource; title from home page (viewed on October 2, 2018). | ||
| 650 | 0 | |a Lamps, Classical |z Greece |z Rhodes. | |
| 650 | 0 | |a Excavations (Archaeology) |z Greece |z Rhodes. | |
| 651 | 0 | |a Rhodes (Greece) |x Antiquities. | |
| 776 | 0 | 8 | |i Print version : |z 9781784917463 |
| 856 | 4 | 0 | |3 Archaeopress |u http://library.arce.org:8087/Archaeopress/Products/9781784917463 |
| 942 | |2 lcc |c EBOOK | ||
| 952 | |0 0 |1 0 |4 0 |6 NK4680 |7 1 |9 46342 |a ARCH |b ARCH |d 2023-04-12 |l 0 |o NK4680 |r 2023-04-12 00:00:00 |w 2023-04-12 |y EBOOK | ||
| 999 | |c 52000 |d 52000 | ||
